000 00267nam a22001217a 4500
020 _a1-55512-095-4
082 _a621.391 INT'E
100 _aINTEL
_959936
245 _aEMBEDDED APPLICATIONS HANDBOOK
260 _aUSA
_bINTEL
_c1990
300 _a9-96P
942 _cBK
999 _c575560
_d575560